<?xml version="1.0" encoding="UTF-8"?>
<collection xmlns="http://www.loc.gov/MARC21/slim">
 <record>
  <leader>     na                 </leader>
  <controlfield tag="001">INLIS000000000002130</controlfield>
  <controlfield tag="005">20260114021808</controlfield>
  <controlfield tag="008">260114                g          0 ind  </controlfield>
  <datafield tag="020" ind1=" " ind2=" ">
   <subfield code="a">978-979-010-006-0</subfield>
  </datafield>
  <datafield tag="035" ind1=" " ind2=" ">
   <subfield code="a">0010-0621001730</subfield>
  </datafield>
  <datafield tag="082" ind1=" " ind2=" ">
   <subfield code="a">664</subfield>
  </datafield>
  <datafield tag="084" ind1=" " ind2=" ">
   <subfield code="a">664. ADA p</subfield>
  </datafield>
  <datafield tag="100" ind1="1" ind2=" ">
   <subfield code="a">Rabiatul Adawyah</subfield>
  </datafield>
  <datafield tag="245" ind1="1" ind2=" ">
   <subfield code="a">Pengolahan dan Pengawetan Ikan</subfield>
  </datafield>
  <datafield tag="250" ind1=" " ind2=" ">
   <subfield code="a">I</subfield>
  </datafield>
  <datafield tag="260" ind1=" " ind2=" ">
   <subfield code="a">Jakarta :</subfield>
   <subfield code="b">Bumi Aksara,</subfield>
   <subfield code="c">2007</subfield>
  </datafield>
  <datafield tag="300" ind1=" " ind2=" ">
   <subfield code="a">160 halaman. ;</subfield>
   <subfield code="c">23 cm.</subfield>
  </datafield>
  <datafield tag="336" ind1=" " ind2=" ">
   <subfield code="2">rdacontent</subfield>
   <subfield code="a"></subfield>
  </datafield>
  <datafield tag="337" ind1=" " ind2=" ">
   <subfield code="2">rdamedia</subfield>
   <subfield code="a"></subfield>
  </datafield>
  <datafield tag="338" ind1=" " ind2=" ">
   <subfield code="2">rdacarrier</subfield>
   <subfield code="a"></subfield>
  </datafield>
  <datafield tag="520" ind1=" " ind2=" ">
   <subfield code="a">Pengolahan dan Pengawetan Ikan Sebagai salah satu sumber daya alam yang sangat banyak digandrungi, ikan memberikan nilai ekonomi lebih terhadap kehidgpan masyarakat Indonesia. Mengandung berbagai macam asam amino esensial yang diperlukan oleh tubuh, kandungan protein dan nilai biologi yang tinggi, dan harga yang cukup terjangkau, menjadikan ikan sebagai produk pakan yang paling dicari.Banyak hal-hal baru yang termuat dalam buku ini, seperti prinsip dasar pengolahan ikan, komposisi kimia, ikan yang berkualitas dan parameter yang mempengaruhinya, juga diberikan bagaimana pengolahan ikan pada suhu rendah. Begitu pula dengan pengawetan, baik yang dilakukan secara tradisional maupun modern (diversifikasi pengolahan).Sebagai buku yang telah lolos dalam penilaian Direktorat Jenderal Pendidikan Tinggi (DIRJEN DIKTD DEPDIKNAS September tahun 2005, materi dan kualitas di dalam buku ini tidak diragukan. Buku ini juga sebagai penambah khazanah ilmu pengetahuan khususnya perikanan yang sangat aplikatif.</subfield>
  </datafield>
  <datafield tag="520" ind1=" " ind2=" ">
   <subfield code="a">Revisi dengan tahun yang berbeda &#13;
TAHUN 2018  no induk  070707, 070706&#13;
Revisi  dengan tahun yang berbeda &#13;
Tahun 2008 no induk 051365, 051364, 051363</subfield>
  </datafield>
  <datafield tag="650" ind1=" " ind2="4">
   <subfield code="a">Ikan</subfield>
  </datafield>
  <datafield tag="650" ind1=" " ind2="4">
   <subfield code="a">Pengawetan</subfield>
  </datafield>
  <datafield tag="990" ind1=" " ind2=" ">
   <subfield code="a">029988</subfield>
  </datafield>
  <datafield tag="990" ind1=" " ind2=" ">
   <subfield code="a">029989</subfield>
  </datafield>
  <datafield tag="990" ind1=" " ind2=" ">
   <subfield code="a">029990</subfield>
  </datafield>
  <datafield tag="990" ind1=" " ind2=" ">
   <subfield code="a">029991</subfield>
  </datafield>
  <datafield tag="990" ind1=" " ind2=" ">
   <subfield code="a">029992</subfield>
  </datafield>
  <datafield tag="990" ind1=" " ind2=" ">
   <subfield code="a">051363</subfield>
  </datafield>
  <datafield tag="990" ind1=" " ind2=" ">
   <subfield code="a">051364</subfield>
  </datafield>
  <datafield tag="990" ind1=" " ind2=" ">
   <subfield code="a">051365</subfield>
  </datafield>
  <datafield tag="990" ind1=" " ind2=" ">
   <subfield code="a">070705</subfield>
  </datafield>
  <datafield tag="990" ind1=" " ind2=" ">
   <subfield code="a">070706</subfield>
  </datafield>
  <datafield tag="990" ind1=" " ind2=" ">
   <subfield code="a">070707</subfield>
  </datafield>
 </record>
</collection>
